000 00533nam a2200181Ia 4500
005 20250508151839.0
008 008 250505s9999 xx 000 0 eng d
037 _aTextual
040 _aFEDL
_beng
_cFEDL
041 _aeng
_2eng
084 _a379.73, DRE
_qFEDL
100 _aDreiman David B
_9760143
245 0 _aHow to get better schools: A tested program
260 _aNew York, USA
_bHarper and Brothers Publisher
_c1956
300 _axvii,267p.
942 _cTEXL
_h379.73, DRE
999 _c1332484
_d1332484